Crónica provincial : Berga / Sam Berga / Sam
Publicado:
San Jorge, núm. 82 (2n trimestre 1971), pàg 44 :
MARC
| LEADER | 00000nam a2200000Ia 4500 | ||
|---|---|---|---|
| 001 | |||
| 008 | 160829s9999 xx 000 0 cat d | ||
| 100 | |a Sam |9 21611 | ||
| 245 | |a Crónica provincial : |b Berga / Sam | ||
| 260 | |a San Jorge, núm. 82 (2n trimestre 1971), pàg 44 | ||
| 650 | |a Diada de Sant Jordi |x Berga (Catalunya) |9 42374 | ||
| 650 | |a Carreteres |x Berga |x Projectes i construcció |9 42375 | ||
| 901 | |a Arxiu | ||
| 942 | |n 1 | ||
| 952 | |0 0 |1 0 |4 0 |7 1 |9 50810 |a Arxiu |b Arxiu |d 2016-12-01 |l 0 |r 2016-12-01 00:00:00 |w 2016-12-01 |y ARXIU | ||
| 999 | |c 54652 |d 54652 | ||